Africa's liberation and unity (Record no. 121480)
[ view plain ]
| 000 -LEADER | |
|---|---|
| fixed length control field | 00731nam a22002171 4500 |
| 001 - CONTROL NUMBER | |
| control field | 2537106 |
| 003 - CONTROL NUMBER IDENTIFIER | |
| control field | ARRUPE |
| 005 - DATE AND TIME OF LATEST TRANSACTION | |
| control field | 20141219133357.0 |
| 008 - FIXED-LENGTH DATA ELEMENTS--GENERAL INFORMATION | |
| fixed length control field | 000413s1962 gh 000 0 eng d |
| 035 ## - SYSTEM CONTROL NUMBER | |
| System control number | (OCoLC)ocm43844654 |
| 040 ## - CATALOGING SOURCE | |
| Original cataloging agency | ZCU |
| Transcribing agency | ZCU |
| 090 ## - LOCALLY ASSIGNED LC-TYPE CALL NUMBER (OCLC); LOCAL CALL NUMBER (OCLC) | |
| Classification number (OCLC) (R) ; Classification number, CALL (RLIN) (NR) | DT30 |
| Local cutter number (OCLC) ; Book number/undivided call number, CALL (RLIN) | .N452 |
| 300 ## - PHYSICAL DESCRIPTION | |
| Dimensions | 22 cm. |
| 100 1# - MAIN ENTRY--PERSONAL NAME | |
| Personal name | Nkrumah, Kwame, |
| Dates associated with a name | 1909-1972. |
| 9 (RLIN) | 13347 |
| 245 10 - TITLE STATEMENT | |
| Title | Africa's liberation and unity |
| Statement of responsibility, etc | address by Osagyefo the President to the Nationalist Conference of African Freedom Fighters. |
| 260 ## - PUBLICATION, DISTRIBUTION, ETC. (IMPRINT) | |
| Place of publication, distribution, etc | Accra |
| Name of publisher, distributor, etc | Ministry of Information and Broadcasting on behalf of the Office of the President] |
| Date of publication, distribution, etc | 1962. |
| 300 ## - PHYSICAL DESCRIPTION | |
| Extent | 27 p. |
| 500 ## - GENERAL NOTE | |
| General note | Cover title. |
| 650 ## - SUBJECT ADDED ENTRY--TOPICAL TERM | |
| Topical term or geographic name as entry element | Rhodesia and Nyasaland |
| General subdivision | Politics |
| 9 (RLIN) | 13484 |
| 942 ## - ADDED ENTRY ELEMENTS (KOHA) | |
| Source of classification or shelving scheme | Library of Congress Classification |
| Koha item type | SPC |
| Withdrawn status | Lost status | Source of classification or shelving scheme | Damaged status | Not for loan | Collection code | Home library | Current library | Shelving location | Date acquired | Total Checkouts | Full call number | Barcode | Date last seen | Price effective from | Koha item type |
|---|---|---|---|---|---|---|---|---|---|---|---|---|---|---|---|
| Library of Congress Classification | SPECIAL Collection | ARRUPE LIBRARY | ARRUPE LIBRARY | Main Collection | 11/12/2014 | SPC HX11.N42 n.197 | 46500003457 | 11/12/2014 | 11/12/2014 | SPC |